| 000 | 02266nam a22002297a 4500 | ||
|---|---|---|---|
| 003 | GR-AtMCL | ||
| 005 | 20250807132143.0 | ||
| 006 | a|||||r|||| 00| 0 | ||
| 008 | 250807b |||||||| |||| 00| 0 eng d | ||
| 020 | _a9789604181735 | ||
| 040 |
_aGR-AtMCL _bgre _dGR-AtMCL _eAACR2 |
||
| 100 |
_aΚούκος, Ιωάννης Κ. _4070 _910007 |
||
| 245 | 0 | 0 |
_aΕισαγωγή στο σχεδιασμό χημικών εργοστασίων / _cΙωάννης Κ. Κούκος |
| 260 |
_aΘεσσαλονίκη : _bΤζιόλα, _c2009 |
||
| 300 |
_a762σ. : _bεικ. ; _c24 εκ. |
||
| 505 | 0 | _aΕισαγωγή, Διαγράμματα ροής, Εκτίμηση κόστους πάγιου κεφαλαίου, Εκτίμηση συνολικού κόστους παραγωγής, Αξιολόγηση επενδυτικών σχεδίων, Αντικείμενο και δεδομένα σχεδιασμού, Δομή και σύνθεση διεργασιών, Προκαταρκτική σχεδίαση και διαστασιολόγηση εξοπλισμού, Δόμηση δικτυών εναλλαγής θερμότητας με τη μέθοδο του κρίσιμου σημείου, Διαχωρισμός πολυσυστατικών και αζεοτροπικών μιγμάτων με κλασματική απόσταξη, Βασικές έννοιες βελτιστοποίησης διεργασιών, Εφαρμογές βελτιστοποίησης, Ασφάλεια και υγιεινή εγκαταστάσεων, Βασικές αρχές προσομοίωσης και προσομοιωτών μόνιμης κατάστασης, Εισαγωγή στον προσομοιωτή UniSim/Honeywell (UniSim ή Hysys ASPEN), Eισαγωγή στο λογισμικό MATLAB, Σχεδιασμός μονάδας παραγωγής biodiesel, Σχεδιασμός μονάδας συνδυασμένης παραγωγής βιοαιθανόλης/βιοϋδρογόνου, Αποτίμηση κύκλου ζωής. | |
| 650 | 0 |
_aΧημικά εργοστάσια _xΣχεδίαση και κατασκευή _910008 |
|
| 650 | 0 |
_aΧημική μηχανική _910009 |
|
| 650 | 0 |
_aEngineering _99979 |
|
| 942 | _cBK | ||
| 999 |
_c9890 _d9890 |
||